00510nam a2200085Ia 4500008004100000245003700041300026400078650001300342856006900355170517s9999 xx 000 0 und d 4aThe Truth About Killer Dinosaurs aIn this innovative series, Bill Oddie takes great joy in comparing dinosaurs with their closest living relatives - crocodiles and birds. He joins forces with a team of experts to scientifically analyze fossilized dinosaur bones and tracks. Using scientific... xScience. uhttp://topdocumentaryfilms.com/the-truth-about-killer-dinosaurs/